000 01260nam a22002297a 4500
005 20221123134457.0
008 221123b ag ||||| |||| 00| 0 spa d
050 0 4 _aTN705
_bC66 1980
111 2 _aCongreso ILAFA reducción directa
_n(4°:
_d27-30 de julio de 1980 :
_cBuenos Aires, Argentina )
245 _aReducción directa ´80
_b: trabajos presentados al IV congreso ILAFA reducción directa = Direct Reduction ´80 : papers presented at the IV congreso ILAFA direct reduction congress
_c/ Organizado por ILAFA en colaboración con el Centro de Industriales Siderúrgicos, CIS y el Instituto Argentino de Siderurgía, IAS.
246 3 1 _aDirect Reduction ´80 : papers presented at the IV congreso ILAFA direct reduction congress.
250 _a1a ed.
260 _aBuenos Aires, Argentina :
_bInstituto Latinoamericano del Fierro y el Acero, ILAFA,
_c1980.
300 _ap. v. :
_bil. ;
_c30 cm.
504 _aIncluye bibliografía.
650 7 _2lemb
_aHierro
_xMetalurgia
_vCongresos
650 7 _2lemb
_aAcero
_xMetalurgia
_vCongresos
650 7 _2lemb
_aMetalurgia
_xIndustria y comercio
_vCongresos
710 1 _aCentro de Industriales Siderúrgicos, CIS,
_ecolaborador
710 1 _aInstituto Argentino de Siderurgía
_ecolaborador
942 _2lcc
_cLIB
999 _c72972
_d72972